|
|
|
|
| LEADER |
00000nab a2200000 a 4500 |
| 001 |
vtls000748486 |
| 003 |
SK-MaSNL |
| 005 |
20260304133229.0 |
| 008 |
250429c2000 xo 0 slo |
| 015 |
|
|
|a SNBRB2001/02-04671
|
| 035 |
|
|
|a CLN000100311
|
| 035 |
|
|
|a (urnnbn)urn:nbn:sk:snk:ar-005j41
|
| 035 |
|
|
|a (uuid)4f2d2114-3903-4df3-b152-99a46b0355b5
|
| 035 |
|
|
|a urn:nbn:sk:snk-ab7znq
|
| 040 |
|
|
|a SNKBUCL
|b slo
|c SNKBUCL
|e AACR2
|
| 041 |
0 |
|
|a eng
|
| 044 |
|
|
|a xo
|c SK
|
| 080 |
|
|
|a 552.48(234.372.3)
|2 1997
|
| 100 |
1 |
|
|a Faryad, Shah Wali
|4 aut
|9 8144
|
| 245 |
1 |
0 |
|a Tectonic slices with amphibolite facies assemblages: a further member of the Meliata unit
|c Shah Wali Faryad
|
| 300 |
|
|
|b Obr.
|
| 504 |
|
|
|a Res. angl.
|
| 504 |
|
|
|a Bibliogr. odkazy
|
| 650 |
0 |
7 |
|a amfibolity
|2 SNKPH
|9 71030
|
| 651 |
|
7 |
|a Západné Karpaty (pohorie)
|2 SNKPHgeo
|9 175174
|
| 655 |
|
7 |
|a články z novín a časopisov
|2 SNK
|9 267496
|
| 773 |
0 |
|
|t Mineralia slovaca
|g Roč. 32, č. 3 (2000), s. 173-174
|x 0369-2086
|
| 850 |
|
|
|a Slovenská národná knižnica
|
| 852 |
|
|
|a Slovenská národná knižnica
|
| 958 |
|
|
|a article9
|
| 958 |
|
|
|a OND
|
| 958 |
|
|
|a SK
|
| 958 |
|
|
|a NB
|
| 958 |
|
|
|a EUIPO
|
| 992 |
|
|
|a RBX
|
| 999 |
|
|
|c 2900545
|d 2902475
|